প্রামাণ্য তথ্যে জাতীয় নেতা এএইচএম কামারুজ্জামান (হেনা) / (Record no. 82559)
[ view plain ]
| 000 -LEADER | |
|---|---|
| fixed length control field | 00952nam a2200229 a 4500 |
| 001 - CONTROL NUMBER | |
| control field | 82559 |
| 003 - CONTROL NUMBER IDENTIFIER | |
| rucl marc code | BD-RjUL |
| 005 - DATE AND TIME OF LATEST TRANSACTION | |
| control field | 20240111110847.0 |
| 008 - FIXED-LENGTH DATA ELEMENTS--GENERAL INFORMATION | |
| fixed length control field | 231227s2023 bg ||||| |||| 00| 0 ben d |
| 020 ## - INTERNATIONAL STANDARD BOOK NUMBER | |
| International Standard Book Number | 9789843518255 |
| 035 ## - SYSTEM CONTROL NUMBER | |
| System control number | (BD-RjUL)82559 |
| 040 ## - CATALOGING SOURCE | |
| Original cataloging agency | BD-RjUL |
| Language of cataloging | eng |
| Transcribing agency | BD-RjUL |
| 041 ## - LANGUAGE CODE | |
| Language code of text/sound track or separate title | ben |
| 082 ## - DEWEY DECIMAL CLASSIFICATION NUMBER | |
| Edition number | 23 |
| Classification number | 923.2 |
| Author mark and year | ANP 2023 |
| 100 ## - MAIN ENTRY--PERSONAL NAME | |
| Personal name | আনা, আনারুল হক |
| 9 (RLIN) | 10747 |
| 245 ## - TITLE STATEMENT | |
| Title | প্রামাণ্য তথ্যে জাতীয় নেতা এএইচএম কামারুজ্জামান (হেনা) / |
| Statement of responsibility, etc. | আনারুল হক আনা |
| 260 ## - PUBLICATION, DISTRIBUTION, ETC. (IMPRINT) | |
| Place of publication, distribution, etc. | রাজশাহী : |
| Name of publisher, distributor, etc. | রাজশাহী সিটি কর্পোরেশন, |
| Date of publication, distribution, etc. | ২০২২ |
| 300 ## - PHYSICAL DESCRIPTION | |
| Pagination | ৬৪৮ পৃ. : |
| Illustrations | চিত্রসমূহ; |
| Size | ২৩ সেমি. |
| 600 ## - SUBJECT ADDED ENTRY--PERSONAL NAME | |
| Personal name | কামারুজ্জামান, এএইচএম |
| Personal name | Kamaruzzaman, AHM |
| 942 ## - ADDED ENTRY ELEMENTS (KOHA) | |
| Source of classification or shelving scheme | Dewey Decimal Classification |
| Koha item type | Books |
| Lost status | Source of classification or shelving scheme | Damaged status | Not for loan | Collection code | Permanent Location | Current Location | Shelving location | Date acquired | Source of acquisition | Cost, normal purchase price | Full call number | Date last seen | Copy number | Koha item type |
|---|---|---|---|---|---|---|---|---|---|---|---|---|---|---|
| Dewey Decimal Classification | Not For Loan | Non-fiction | Central Library, University of Rajshahi | Central Library, University of Rajshahi | Reading Room | 24/12/2023 | Author | 1000.00 | B 923.2 ANP 2022 | 27/12/2023 | C-1 | Books |